000 01341cab a2200241 4500
001 ABS67464
008 040203n2004 000 0 eng u
035 _a(Sirsi) u124993
100 _aBell, L.
245 4 _aThe talk of the 'toon
260 _c2004
490 _aRICS Business
_vFebruary 2004, 16-20(4)
520 _aSpotlight on Newcastle, dubbed recently in "The Times" as 'the new capital of Britain, and focus of new research by RICS and Demos - "Northern soul: culture, creativity and quality of place in Newcastle and Gateshead" (ISBN 1841801178) - , which suggeststhat people are migrating from London to northeast England for the better quality of life and that Newcastle is enjoying a 'brain gain'through an influx of the creative industries. The report identifies the key factors contributing to the balanced development of Newcastle and Gateshead. Newcastle has been the recipient of major regeneration funding from central government, the EU and support from English Partnerships and the private sector.
590 _aABS
650 _aGATESHEAD
650 _aFUNDING
650 _aENGLISH PARTNERSHIPS
650 _aREDEVELOPMENT
650 _aNEWCASTLE UPON TYNE
690 _aREGENERATION
856 _uhttps://www.rics.org/RICSWEB/getpage.aspx?p=cYM2_uwODUWu2NEpAMuifA
_zView on RICS website.
942 _n0
999 _c74102
_d74102